An investigation of the use of the collaborative teaching-learning mode by graduate social work field instructors /

Bibliographic Details
Main Author: Clancy, Catherine Ann, 1945-
Format: Thesis Microform Book
Language:English
Published: [Place of publication not identified] : [publisher not identified] ; 1986.
Subjects:

MARC

Tag First Indicator Second Indicator Subfields
LEADER 00000cam a2200000 a 4500
001 in00000030021
005 20151007054843.0
007 he bmb|||||||
008 880627r19881986oru bb 00010 eng d
035 |a (OCoLC)18139869 
035 |9 AAB6433AM 
040 |a ORU  |c MUU  |d MUU  |d HPE  |d TXA  |d UtOrBLW 
049 |a TXAI 
099 |a fiche  |a C  |a 10662 
100 1 |a Clancy, Catherine Ann,  |d 1945- 
245 1 3 |a An investigation of the use of the collaborative teaching-learning mode by graduate social work field instructors /  |c by Catherine Ann Clancy. 
264 1 |a [Place of publication not identified] :  |b [publisher not identified] ;  |c 1986. 
300 |a xiii, 250 leaves. 
336 |a text  |b txt  |2 rdacontent 
337 |a microform  |b h  |2 rdamedia 
338 |a microfiche  |b he  |2 rdacarrier 
502 |b Ph. D.  |c Texas A&M University  |d 1986. 
500 |a Vita. 
504 |a Bibliography: leaves 156-166. 
533 |a Microfiche.  |b Eugene :  |c Microform Publications, College of Human Development and Performance, University of Oregon,  |d 1988.  |e 3 microfiches : negative ; 11 x 15 cm. 
500 |a Microform. 
650 0 |a Social work education. 
650 0 |a Social workers  |x In-service training. 
999 |a MARS 
999 f f |s d46002cb-ee65-3aec-a08e-93cce5cf9ff9  |i 3018bc9b-0d3c-383d-bfb5-1ea7f16bdfbb  |t 0 
952 f f |p default  |a Texas A&M University  |b College Station  |c Sterling C. Evans Library  |d Evans: Microforms (3rd floor)  |t 0  |e fiche C 10662  |h Other scheme  |i microform -- microfiche 
998 f f |a fiche C 10662  |t 0  |l Evans: Microforms (3rd floor)